| 000 | 00735cam a22002171 4500 | ||
|---|---|---|---|
| 001 | sg 45000289 | ||
| 003 | DLC | ||
| 005 | 20260227112747.0 | ||
| 008 | 810815s1943 xx 000 0 eng | ||
| 010 | _asg 45000289 | ||
| 035 | _a(OCoLC)14732634 | ||
| 040 |
_aDLC _cDNLM _dDLC |
||
| 042 | _apremarc | ||
| 050 | 0 | 0 |
_aRA1054 _b.S6 |
| 060 | 0 |
_aW 609 _bS678s 1943 |
|
| 110 | 2 | _aSociety of Medical Jurisprudence. | |
| 245 | 1 | 0 | _aSelected papers and discussions delivered before the Society of medical jurisprudence during 1939, 1940 and 1941. |
| 260 |
_a[New York, _cc1943] |
||
| 300 | _acover-title, 3 p. l., 138 p. | ||
| 500 | _a"Editorial committee: George L. Brodhead, M. D. [and others] ... Gustave J. Noback, PH. D., chairman." | ||
| 999 |
_c90680 _d90680 |
||